Las TICs en el ámbito laboral / (Record no. 184889)

MARC details
000 -LEADER
campo de control de longitud fija 01281nam a2200337 i 4500
001 - NÚMERO DE CONTROL
campo de control 184889
003 - IDENTIFICADOR DE NÚMERO DE CONTROL
campo de control SpMaBN
005 - FECHA Y HORA DE LA ÚLTIMA TRANSACCIÓN
campo de control 20250826035940.0
008 - DATOS DE LONGITUD FIJA--INFORMACIÓN GENERAL
campo de control de longitud fija 160216s2015 sp |||| | spa d
020 ## - NÚMERO INTERNACIONAL ESTÁNDAR DEL LIBRO
Número Internacional Estándar del Libro 978-84-16268-49-8
080 ## - NÚMERO DE LA CLASIFICACIÓN DECIMAL UNIVERSAL
Número de la Clasificación Decimal Universal 331.101.5(460):004
080 ## - NÚMERO DE LA CLASIFICACIÓN DECIMAL UNIVERSAL
Número de la Clasificación Decimal Universal 342.734(460)
100 1# - ENTRADA PRINCIPAL--NOMBRE DE PERSONA
Nombre de persona San Martín Mazzucconi, Carolina.
9 (RLIN) 158766
245 14 - MENCIÓN DEL TÍTULO
Título Las TICs en el ámbito laboral /
Mención de responsabilidad, etc. [Carolina San Martín Mazzucconi, Antonio V. Sempere Navarro].
250 ## - MENCION DE EDICION
Mención de edición Act. a 15 de jun. de 2015.
260 ## - PUBLICACIÓN, DISTRIBUCIÓN, ETC.
Lugar de publicación, distribución, etc. Madrid :
Nombre del editor, distribuidor, etc. Francis Lefebvre,
Fecha de publicación, distribución, etc. 2015.
300 ## - DESCRIPCIÓN FÍSICA
Extensión 144 p. ;
Dimensiones 22 cm.
490 1# - MENCIÓN DE SERIE
Mención de serie Claves prácticas
500 ## - NOTA GENERAL
Nota general Índice.
596 ## - NOTA AL PIE DE IMPRENTA
NOTA AL PIE DE IMPRENTA En contracub.: Lefebvre-El Derecho.
650 #7 - PUNTO DE ACCESO ADICIONAL DE MATERIA--TÉRMINO DE MATERIA
Término de materia o nombre geográfico como elemento de entrada Relaciones laborales-
Subdivisión general Efectos de las innovaciones tecnológicas.
9 (RLIN) 158767
650 #7 - PUNTO DE ACCESO ADICIONAL DE MATERIA--TÉRMINO DE MATERIA
Término de materia o nombre geográfico como elemento de entrada Trabajadores-
Subdivisión general Derechos.
9 (RLIN) 151031
650 #4 - PUNTO DE ACCESO ADICIONAL DE MATERIA--TÉRMINO DE MATERIA
Término de materia o nombre geográfico como elemento de entrada Tecnologías de la información y de la comunicación.
9 (RLIN) 161860
700 1# - ENTRADA AGREGADA--NOMBRE PERSONAL
Nombre de persona Sempere Navarro, Antonio Vicente.
9 (RLIN) 105409
710 2# - ENTRADA AGREGADA--NOMBRE DE ENTIDAD CORPORATIVA
Nombre de entidad corporativa o nombre de jurisdicción como elemento de entrada Ediciones Francis Lefebvre.
9 (RLIN) 158696
710 2# - ENTRADA AGREGADA--NOMBRE DE ENTIDAD CORPORATIVA
Nombre de entidad corporativa o nombre de jurisdicción como elemento de entrada El Derecho (Editorial)
9 (RLIN) 158682
830 00 - PUNTO DE ACCESO ADICIONAL DE SERIE-TÍTULO UNIFORME
Título uniforme Claves prácticas Francis Lefebvre
9 (RLIN) 192249
852 ## - LOCALIZACIÓN
Ubicación ES-MaACL
Número de control de estantería A-15278
itemnumber 191905
Ubicación en estantería Depósito 1
Signatura antigua Olim: L 342.734 SAN tic
Donativo/Legado Donación: Editorial
942 ## - ELEMENTOS DE ENTRADA SECUNDARIOS (KOHA)
Fuente del sistema de clasificación o colocación Clasificación decimal universal
Holdings
Estatus retirado Estado de pérdida Fuente del sistema de clasificación o colocación Estado de daño No para préstamo Biblioteca de origen Biblioteca actual Ubicación en estantería Fecha de adquisición Fuente de adquisición Total de préstamos Signatura topográfica completa Código de barras Visto por última vez Precio de reemplazo Tipo de ítem Koha
    Clasificación decimal universal     Biblioteca del Ateneo de Madrid Biblioteca del Ateneo de Madrid Depósito 1 16/02/2016 Donación   A-15278 1194729 23/02/2023 23/02/2023 Libro impreso